000 00656nam a2200181Ia 4500
008 220216s9999 xx 000 0 und d
100 _aVarkey J.K.
245 0 _aEpoxidised natural rubber: An interface modifier for natural rubber- silica composites
260 _bIn: Technological challenges and opportunities of a demanding global environment: International Rubber Conference, 7-9 December 1998, Chennai, India, V 1, pp. 123-133
_c1998
650 _aEpoxidized natural rubber
650 _aFiller
650 _aSilica
650 _aThermal degradation
700 _aJoseph S.[b]
700 _aMathew N.M.
700 _aThomas K.T.
942 _cBS
999 _c53029
_d53029